000 00993nam a22003377a 4500
003 CHAP
005 20220329143158.0
008 061106d1991 es r 00110 spa d
010 _a92965
011 _a93937
020 _a8475832156
035 _a104520
040 _cCHAP
082 0 4 _a635.04
_bB5Y
100 0 0 _aBiggs, Tony.
_912669
245 1 4 _aLos secretos del huerto
_c/por Tony Biggs
260 _aBarcelona :
_bFolio,
_c1991.
300 _a192 p.
490 0 _aGuía práctica de jardinería
590 _aBATCH-UPD
_b10
_c20130110
_lUCH01
_h0534
590 _aBATCH-UPD
_b10
_c20130410
_lUCH01
_h0214
590 _aBATCH-UPD
_b10
_c20130914
_lUCH01
_h0627
590 _aCONVERSION
_b10
_c20130109
_lUCH01
_h1351
650 1 4 _aHorticultura.
_956291
650 1 4 _aHuertos familiares.
_956726
830 0 _aGuía práctica de jardinería
_951495
901 _aBK
905 _aLilia
942 _cLIBRO
949 _a635.04 B5Y
_bBC
_cLIBRO
_d33724002000520
_eLIBRO
_h108364
_i104520
_si
999 _c92965
_d92965